Libros UNAM : lista de precios de 1979 /
Catálogo comercial de los libros publicados por la Universidad Nacional Autónoma de México hasta 1979. Incluye una breve síntesis de algunos de los libros. El catálogo está dividido en nueve partes temáticas: arte y estética, filología y bibliografía, filosofía y humanidades, literatura, ciencias so...
I tiakina i:
| Kaituhi rangatōpū: | |
|---|---|
| Hōputu: | Pukapuka |
| Reo: | Pāniora |
| I whakaputaina: |
México :
UNAM,
1979
|
| Ngā marau: | |
| Ngā Tūtohu: |
Kāore He Tūtohu, Me noho koe te mea tuatahi ki te tūtohu i tēnei pūkete!
|
MARC
| LEADER | 00000nam^a2200000^a^4500 | ||
|---|---|---|---|
| 001 | 000114295 | ||
| 005 | 20250521000000.0 | ||
| 009 | 20260310094014.439 | ||
| 037 | |a Acervo ITESO - Biblioteca | ||
| 041 | |a ESP | ||
| 082 | |a 015. 72 |b UNI UNAM 1979 | ||
| 110 | |a UNAM | ||
| 245 | 1 | 0 | |a Libros UNAM : |b lista de precios de 1979 / |c Universidad Nacional Autónoma de México. |
| 264 | 1 | |a México : |b UNAM, |c 1979 | |
| 300 | |a 191 p. | ||
| 336 | |a texto |b txt |2 rdacontenido | ||
| 337 | |a sin mediación |b n |2 rdamedio | ||
| 338 | |a volumen |b nc |2 rdasoporte | ||
| 520 | |a Catálogo comercial de los libros publicados por la Universidad Nacional Autónoma de México hasta 1979. Incluye una breve síntesis de algunos de los libros. El catálogo está dividido en nueve partes temáticas: arte y estética, filología y bibliografía, filosofía y humanidades, literatura, ciencias sociales, historia y antropología, ciencia y técnica, obras pedagógicas y, finalmente, publicaciones periódicas. | ||
| 649 | |a XX | ||
| 650 | |a Industria Editorial - |z México - |x Catálogos | ||
| 910 | |a Fondo Salvador Reynoso Reynoso | ||
| 920 | |a Impresos - Libros | ||
| 930 | |a Fondos Especiales | ||
| 905 | |a 112 | ||
| 901 | |a 0800002631 |b IT2 |c ESP |u 20250521 | ||
| 902 | |a https://opac.biblio.iteso.mx/vufind/Record/000114295 | ||